|
|
|
|
| LEADER |
01221nam a2200313 a 4500 |
| 001 |
16650261 |
| 008 |
120115r20112010cc a 001 0 eng d |
| 010 |
|
|
|a 2011286381
|
| 020 |
|
|
|a 9781449380342
|
| 020 |
|
|
|a 9789350230350
|
| 040 |
|
|
|a DLC
|c DLC
|d BD-DhAAL
|
| 082 |
0 |
0 |
|a 005.13/3
|2 22
|
| 100 |
1 |
|
|a Stellman, Andrew.
|
| 245 |
1 |
0 |
|a Head first C# /
|c Andrew Stellman, Jennifer Greene.
|
| 246 |
3 |
|
|a Head first C Sharp.
|
| 250 |
|
|
|a 2nd ed.
|
| 260 |
|
|
|a Bejijing ;
|a New York : Sebastopol :
|b O'Reilly ;
|a New Delhi :
|b Shroff Publishers and Distributors,
|c c2010.[Second Indian Reprinted 2011]
|
| 300 |
|
|
|a xl, 797 p. :
|b ill.
|c 24 cm.
|
| 490 |
0 |
|
|a Head first series
|
| 500 |
|
|
|a "A brain-friendly guide"--Cover.
|
| 500 |
|
|
|a "Cover C# & .Net 4.0, and Visual Studio 2010."
|
| 500 |
|
|
|a Includes index.
|
| 541 |
1 |
|
|e 00024205
|
| 630 |
0 |
0 |
|a Microsoft Visual C♯ .NET.
|
| 650 |
|
0 |
|a C (Computer program language)
|
| 700 |
1 |
|
|a Greene, Jennifer, 1971-
|
| 852 |
1 |
|
|a Ayesha Abed Library
|j General shelf
|
| 999 |
|
|
|c 11773
|d 11773
|
| 952 |
|
|
|0 0
|1 0
|4 0
|6 005_133000000000000_STE
|7 0
|9 19168
|a BRACUL
|b BRACUL
|c GEN
|d 2012-01-15
|e Karim International
|g 1070.00
|l 13
|m 146
|o 005.133 STE
|p 3010024205
|r 2019-03-04
|s 2019-02-24
|t 1
|w 2012-01-15
|y BK
|